Stát a církev v zemích EU / Gerhard Robbers (ed.) ; [z německého originálu ... přeložil Petr Kolář a Markéta Kolářová]
Record details
- ISBN: 80-200-0967-1
- Physical Description: 367 s. ; 21 cm
- Edition: Vyd. 1.
- Publisher: Praha : Academia, 2002
Content descriptions
| General Note: | Seznam autorů |
| Bibliography, etc. Note: | Obsahuje bibliografii a bibliografické odkazy |
Search for related items by subject
| Subject: | stát a církev > země Evropské unie Church and state > European Union countries země Evropské unie > náboženské poměry European Union countries > Religious life |
| Genre: | přehledy |
Available copies
- 2 of 2 copies available at Common Catalog SPOK.
Holds
- 0 current holds with 2 total copies.
Show Only Available Copies
| Location | Call Number / Copy Notes | Barcode | Shelving Location | Status | Due Date |
|---|---|---|---|---|---|
| ETS Library | 303 | 424470013268 | Volný výběr | Available | - |
| Jabok Library | PT-2.8.1 | 424480013071 | Odborná literatura | Available | - |
| LDR | 01563nam a2200421 a 4500 | ||
|---|---|---|---|
| 001 | 12470 | ||
| 003 | CZ-PrJAB | ||
| 005 | 20190807131417.0 | ||
| 007 | tu | ||
| 008 | 020315s2002 xr e 000 0 cze | ||
| 015 | . | ‡acnb001088862 | |
| 020 | . | ‡a80-200-0967-1 ‡q(brož.) | |
| 035 | . | ‡a(CZ PrNK)cpk20021088862 | |
| 035 | . | ‡a(OCoLC)51189584 | |
| 040 | . | ‡aABA001 ‡bcze | |
| 041 | 1 | . | ‡acze ‡hger |
| 043 | . | ‡ae------ | |
| 072 | 7. | ‡a322 ‡xPolitika a náboženství. Vztahy mezi církví a státem ‡2Konspekt ‡915 | |
| 080 | . | ‡a2-67 ‡2MRF | |
| 080 | . | ‡a2-6 ‡2MRF | |
| 080 | . | ‡a(4) ‡2MRF | |
| 080 | . | ‡a(048.8) ‡2MRF | |
| 082 | . | ‡a303 | |
| 245 | 0 | 0. | ‡aStát a církev v zemích EU / ‡cGerhard Robbers (ed.) ; [z německého originálu ... přeložil Petr Kolář a Markéta Kolářová] |
| 250 | . | ‡aVyd. 1. | |
| 260 | . | ‡aPraha : ‡bAcademia, ‡c2002 | |
| 300 | . | ‡a367 s. ; ‡c21 cm | |
| 500 | . | ‡aSeznam autorů | |
| 504 | . | ‡aObsahuje bibliografii a bibliografické odkazy | |
| 650 | 0 | 7. | ‡astát a církev ‡7ph116308 ‡zzemě Evropské unie ‡2czenas |
| 650 | 0 | 9. | ‡aChurch and state ‡zEuropean Union countries ‡2eczenas |
| 651 | 7. | ‡azemě Evropské unie ‡7ge131521 ‡xnáboženské poměry ‡2czenas | |
| 651 | 9. | ‡aEuropean Union countries ‡xReligious life ‡2eczenas | |
| 655 | 7. | ‡apřehledy ‡7fd133202 ‡2czenas | |
| 700 | 1 | . | ‡aRobbers, Gerhard, ‡d1950- ‡7xx0001888 ‡4edt |
| 765 | 0 | . | ‡tStaat und Kirche in der Europäischen Union ‡9Česky |
| 910 | . | ‡aABG450 | |
| 910 | . | ‡aABG312 | |
| 995 | . | ‡aska | |
| 999 | . | ‡a11244 ‡b ‡c11244 ‡tbiblio | |
| 901 | . | ‡a12470 ‡bCZ PrNK ‡c12470 ‡tbiblio ‡sets | |